Ochrana ovzdušia. STN 83 4005. STN ISO 16622 : Meteorológia. Ultrazvukové anemometre/teplomery. Metódy preberacích skúšok na meranie priemernej rýchlosti vetra. 1.3.2004
Saved in:
| Format: | Book |
|---|---|
| Language: | English |
| Published: |
Bratislava :
Slovenský ústav technickej normalizácie,
2004
|
| Subjects: | |
| Tags: |
No Tags, Be the first to tag this record!
|
MARC
| LEADER | 00000nam a22000003a 4500 | ||
|---|---|---|---|
| 001 | stu176961 | ||
| 005 | 20150408163948.2 | ||
| 008 | 081208s2007----xo------------------eng-d | ||
| 040 | |a STU |b slo | ||
| 041 | 0 | |a eng | |
| 044 | |a xo | ||
| 245 | |a Ochrana ovzdušia. STN 83 4005. STN ISO 16622 : |b Meteorológia. Ultrazvukové anemometre/teplomery. Metódy preberacích skúšok na meranie priemernej rýchlosti vetra. 1.3.2004 | ||
| 260 | |a Bratislava : |b Slovenský ústav technickej normalizácie, |c 2004 | ||
| 300 | |a 22 s | ||
| 650 | 7 | |a ochrana ovzdušia |2 stusub | |
| 650 | 7 | |a meteorológia |2 stusub | |
| 650 | 7 | |a rýchlosť vetra |2 stusub | |
| 996 | |b 284M069424 |c M*N-1314 |l MMKN |s A |a 24 |w stu176961_0001 | ||